00527 2200205 4500001002100000005001500021035002000036245006600056100002700122250000700149300003100156260003600187082001000223084001600233020001800249600002700267990000900294990000900303990000900312INLIS00000000000003920251014082943 a0010-10250000251 aPedoman Budidaya Beternak Ikan Nila /cTim Karya Tani Mandiri0 aTim Karya Tani Mandiri a1. aVvi + 154 hlm. ;c19,5 cm. aBandung :bNuansa Aulia,c2009. a630.1 a630.1 TIM p a9789790710634 4aTim Karya Tani Mandiri a1602 a1603 a1604